000 00751nam a2200205 a 4500
001 000017278
005 20240305085225.0
008 100322s1981 dr a 000 0 spa d
040 _aDO-SdBNP
_bspa
_cBNPHU
082 _a323
_bB253s
100 1 _aBarinas Coiscou, Sócrates,
_d1916-2021
_924379
245 1 0 _aSanto Domingo :
_bcuna del derecho de gentes /
_cSócrates Barinas Coiscou.
260 _aSanto Domingo
_fImpresos de Calidad
_c1981.
300 _a69 p. :
_bil. ;
_c22 cm.
504 _aIncluye referencias bibliográficas ( p. 67-68).
650 4 _aDerechos humanos
_zRepública Dominicana
_912374
650 4 _aDelitos contra la persona
_zRepública Dominicana
_937933
650 4 _aViolación de los derechos humanos
_930684
049 _aBNPD
999 _c16803
_d16803